000 00254nam a22001217a 4500
020 _a0-7214-1916-X
082 _a823
_bCOL/C
100 _aCOLIN
245 _aIN COMES THE TIDE
260 _aUK
_bLADYBIRD
650 _aENGLISH SHORT STORY
_zUK
942 _cBK
999 _c4840
_d4840